00724nam a22001577a 4500003000400000005001700004008004100021040001800062100003800080245027400118260002300392650002500415650003700440700003300477856005600510OSt20240615120516.0240615b ||||| |||| 00| 0 eng d cAIMIT LIBRARY aMendonca, Lydia Shanthi.e2116090 aStudy on the impact of training school dropouts in skills leading to employment : with special reference to beneficiaries of fvtrs at Bangalore /bwith special reference to beneficiaries of fvtrs at Bangalore cBy Lydia Shanthi Mendonca ; Guided by Annette Sonia Maben. aBangalore ;c2023. aResearch methodology aData analysis and interpretation aMaben, Annette Sonia.eGuide 3Functional vocational training and research society